000 00772nam a2200241 a 4500
001 BRCA_4564
005 20190320204723.0
008 990507s1998####sp-#######---#000-u#spa-#
020 _a8488333307
041 _aspa
044 _asp
050 4 _aPQ6419
_b.O78 1998
100 1 _aOrtega, Melchor de,
_911566
245 1 0 _aFelixmarte de Hircania
_cMelchor de Ortega ; edición de Ma. del Rosario Aguilar Pardomo.
260 _aAlcalá de Henares [España]
_bCentro de Estudios Cervantinos
_c1998.
300 _axxvii, 448 p.
_c24 cm.
440 0 _aLos libros de Rocinante
_v4
_911567
504 _aBibliografía: p. xxvii
650 1 4 _aLiteratura
_zEspaña
_911568
700 1 _aAguilar Pardomo, María del Rosario
_eEditora
_911569
902 _aCERV
942 _2lcc
_cB
999 _c4269
_d4269